000 00947nam a2200205Ia 4500
003 OSt
005 20260122193005.0
007 ca aa aaaaa
008 201103s9999 xx 000 0 und d
040 _cSSBUL
041 _abur
082 _a၉၂၀
_bစိုး
100 _a စိုးရှိန်၊ ဦး (မောင်စိုးထိုက်-သုံးဆယ်)
245 0 _aနယ်ချဲ့တို့ဖိမ့်ဖိမ့်တုန်ခဲ့ရသည့်ဂဠုန်ဆရာစံ /
_cဦးစိုးရှိန်(မောင်စိုးထိုက်-သုံးဆယ်)။
260 _aရန်ကုန် ၊
_bအမေ့သားထိုက်စာပေ၊
_c၂၀၀၆။
300 _a၁၅၅ စာမျက်နှာ ၊
_bပုံများ ၊
_c၁၈ စင်တီ။
500 _aS-SAT: Dr. Prof Sai Aung Tun
942 _cBK1
_2ddc
942 _2ddc
999 _c16633
_d16633